| 000 | 00578nam a2200157Ia 4500 | ||
|---|---|---|---|
| 008 | 220216s9999 xx 000 0 und d | ||
| 100 | _aVeeraputhran S | ||
| 245 | 0 | _aNatural rubber trade in India : Emerging trends in the post-reforms phase | |
| 260 | _bProceedings of the International Seminar on Agro-Industrial Global Commodity Chains : Implecations for business strategies and policies in Kerala 18-19 September, 2003. | ||
| 650 | _aIndia | ||
| 650 | _aRubber cultivation | ||
| 650 | _aRubber trade | ||
| 700 | _aGeorge K T | ||
| 856 | _uRprint Abst onl | ||
| 942 | _cJS | ||
| 999 |
_c63648 _d63648 |
||